000 00537nam a2200193Ia 4500
005 20250507130243.0
008 008 250505s9999 xx 000 0 eng d
037 _aSeries Article
040 _aEASL
_beng
_cEASL
041 _aeng
_2eng
084 _qEASL
100 _aTaylor Jeremy E
_9669113
245 0 _aProduction of the chiang kai-shek personality cult,1929-1975
260 _aUK
_bUK Cambridge Univesity Press UK
_c2006
300 _a96-110
650 _aChina
942 _cSRA
999 _c1318589
_d1318589